[Event "Canadian zt (Women)"]
[Site "Toronto"]
[Date "2024.03.29"]
[Round "3"]
[White "Glenda, Baylon"]
[Black "Chen, Rae"]
[Result "1/2-1/2"]
[WhiteElo "1885"]
[BlackElo "1820"]
[PlyCount "156"]
[EventDate "2024.03.28"]
[EventType "team-swiss"]
[EventRounds "9"]
[EventCountry "CAN"]
[SourceTitle "CB15_2024"]
[SourceDate "2024.04.10"]
[SourceVersion "1"]
[SourceVersionDate "2024.04.10"]
[SourceQuality "1"]

1. d4 Nf6 2. c4 g6 3. Nf3 Bg7 4. e3 d5 5. Nc3 0-0 6. Be2 dxc4 7. Bxc4 a6 8. a4 c5 9. 0-0 cxd4 10. Nxd4 e5 11. Nde2 Nc6 12. e4 Nd4 13. Be3 Ng4 14. Bxd4 exd4 15. Nd5 Nf6 16. Qd3 Nxd5 17. Bxd5 Qb6 18. Rfd1 Be6 19. Nxd4 Rad8 20. a5 Qd6 21. Nf3 Rd7 22. Qb3 Rfd8 23. h3 Bxd5 24. Rxd5 Qf6 25. Rxd7 Rxd7 26. Rc1 h6 27. e5 Qd8 28. Qc2 Qxa5 29. e6 Rd8 30. exf7+ Kh7 31. Rd1 Rxd1+ 32. Qxd1 Qc7 33. Qb3 Bf8 34. Qe6 Kg7 35. Qe5+ Qxe5 36. Nxe5 Bd6 37. Nc4 Bc7 38. Kf1 Kxf7 39. Ke2 b5 40. Ne3 Ke6 41. f3 Be5 42. b3 h5 43. Kd3 Bf4 44. Nc2 Bd6 45. Ke4 Bc5 46. Ne1 a5 47. Nd3 Bd6 48. Kd4 h4 49. Nc1 a4 50. bxa4 bxa4 51. Ke4 g5 52. Na2 Bf4 53. Nc3 a3 54. Na2 Kd6 55. Kd4 Kc6 56. Kc4 Be5 57. Nb4+ Kd6 58. Kb3 Bb2 59. Kc4 Bg7 60. Kb3 Ke5 61. Nc2 Bf8 62. Ne3 Kf4 63. Nf1 Be7 64. Kc2 Bb4 65. Kb3 Ke5 66. g3 Be7 67. gxh4 gxh4 68. Ne3 Kf6 69. f4 Kg6 70. Nd5 Bd6 71. Ne3 Kh5 72. Ng2 Bc5 73. f5 Kg5 74. f6 Bf8 75. f7 Bc5 76. Ka2 Be7 77. Kb3 Kg6 78. Nxh4+ Kxf7 1/2-1/2

[Event "Kingston Canada zt"]
[Site "Kingston"]
[Date "2022.04.14"]
[Round "3"]
[White "Chen, Rae"]
[Black "Gillanders, Robert"]
[Result "0-1"]
[WhiteElo "1046"]
[BlackElo "1532"]
[PlyCount "78"]
[EventDate "2022.04.13"]
[EventType "swiss"]
[EventRounds "9"]
[EventCountry "CAN"]
[SourceTitle "CBM 207 Extra"]
[Source "ChessBase"]
[SourceDate "2022.05.31"]
[SourceVersion "1"]
[SourceVersionDate "2022.05.31"]
[SourceQuality "1"]

1. d4 Nf6 2. Nf3 d5 3. e3 e6 4. Bd3 c5 5. b3 Nc6 6. Bb2 a6 7. a3 Be7 8. 0-0 0-0 9. Ne5 Qc7 10. Nd2 cxd4 11. exd4 g6 12. f4 Ne8 13. Qg4 Ng7 14. Ndf3 f5 15. Qh3 Nh5 16. Nh4 Nxe5 17. fxe5 Ng7 18. Nf3 Bd7 19. Bc1 Qd8 20. Qh6 Rf7 21. Ng5 Bxg5 22. Bxg5 Qf8 23. Be2 Ne8 24. Qh4 h5 25. Rf3 Rc8 26. c4 dxc4 27. bxc4 Bc6 28. Rg3 Ng7 29. Bf6 Kh7 30. Rg5 Rfc7 31. Rd1 Qxa3 32. Bxg7 Rxg7 33. Bxh5 Qe3+ 34. Kh1 gxh5 35. Rxh5+ Kg6 36. Rg1 Be4 37. h3 Rxc4 38. Qf6+ Kxh5 39. Qxg7 Qxh3# 0-1

[Event "Wch FIDE Online U10 Girls America qual"]
[Site "Tornelo INT"]
[Date "2020.12.03"]
[Round "6"]
[White "Vidyarthi, Omya"]
[Black "Chen, Rae"]
[Result "1-0"]
[WhiteElo "1709"]
[BlackElo "1046"]
[PlyCount "89"]
[EventDate "2020.12.01"]
[EventType "swiss (rapid)"]
[EventRounds "7"]
[EventCountry "ISS"]
[SourceTitle "EXT 2022"]
[Source "ChessBase"]
[SourceDate "2021.10.06"]
[SourceVersion "1"]
[SourceVersionDate "2021.10.06"]
[SourceQuality "1"]

1. d4 Nf6 2. Bg5 d5 3. Bxf6 exf6 4. e3 Bd6 5. c4 dxc4 6. Bxc4 0-0 7. Nf3 f5 8. 0-0 g6 9. Nc3 Nd7 10. Rc1 c6 11. d5 Nb6 12. Bb3 cxd5 13. Nxd5 Be6 14. Kh1 Bxd5 15. Bxd5 Nxd5 16. Qxd5 Qb6 17. b3 Rfd8 18. Ng5 Rd7 19. Rfd1 Rad8 20. Qc4 Ba3 21. Rxd7 Rxd7 22. Re1 Qf6 23. h4 h6 24. Nf3 g5 25. Qa4 Qe7 26. Nd4 Qb4 27. Qxb4 Bxb4 28. Rc1 Rd5 29. Rc7 Bc5 30. hxg5 Bxd4 31. exd4 Rxd4 32. gxh6 Rd2 33. Rxb7 Rxa2 34. f3 Ra6 35. Kg1 Kh7 36. Rxf7+ Kg6 37. h7 Ra1+ 38. Kh2 Kxf7 39. h8Q Ra3 40. Qb2 Ra6 41. Qd2 Re6 42. Qd7+ Re7 43. Qxf5+ Ke8 44. g4 Re2+ 45. Kg3 1-0

[Event "Wch FIDE Online U10 Girls America qual"]
[Site "Tornelo INT"]
[Date "2020.12.02"]
[Round "2"]
[White "Gu, Crystal Jiuzhou"]
[Black "Chen, Rae"]
[Result "1-0"]
[WhiteElo "1365"]
[BlackElo "1046"]
[PlyCount "73"]
[EventDate "2020.12.01"]
[EventType "swiss (rapid)"]
[EventRounds "7"]
[EventCountry "ISS"]
[SourceTitle "EXT 2022"]
[Source "ChessBase"]
[SourceDate "2021.10.06"]
[SourceVersion "1"]
[SourceVersionDate "2021.10.06"]
[SourceQuality "1"]

1. e4 c5 2. Nf3 d6 3. d4 cxd4 4. Nxd4 Nf6 5. Nc3 g6 6. Bc4 Bg7 7. 0-0 0-0 8. Be3 Nc6 9. h3 Bd7 10. Qd2 Rc8 11. Bb3 Ne5 12. Bh6 Nc4 13. Bxc4 Rxc4 14. Bxg7 Kxg7 15. Rfe1 Qb6 16. Nb3 Bc6 17. e5 dxe5 18. Rxe5 Rd8 19. Qe3 Qxe3 20. Rxe3 Ne4 21. Nxe4 Bxe4 22. Rae1 Bxc2 23. Rxe7 Bxb3 24. axb3 Rb4 25. R1e3 Rd2 26. Rf3 Rxb2 27. Rfxf7+ Kg8 28. Rxb7 R4xb3 29. Rxa7 Rb1+ 30. Kh2 Ra3 31. Rxh7 Rxa7 32. Rxa7 Rb2 33. Kg3 g5 34. Ra5 Rb3+ 35. f3 Kf7 36. Rxg5 Kf6 37. Ra5 1-0

[Event "Wch U08 Girls"]
[Site "Weifang"]
[Date "2019.08.31"]
[Round "10"]
[White "Chen, Rae"]
[Black "Jumaeva, Malika"]
[Result "0-1"]
[WhiteElo "1054"]
[BlackElo "1207"]
[PlyCount "94"]
[EventDate "2019.08.21"]
[EventType "swiss"]
[EventRounds "11"]
[EventCountry "CHN"]
[SourceTitle "EXT 2020"]
[Source "ChessBase"]
[SourceDate "2019.10.17"]
[SourceVersion "1"]
[SourceVersionDate "2019.10.17"]
[SourceQuality "1"]

1. d4 d5 2. Nf3 c5 3. e3 Nf6 4. b3 Nc6 5. Bb2 Bf5 6. Nh4 Bd7 7. Bd3 e6 8. Nf3 Be7 9. Nbd2 0-0 10. 0-0 Rc8 11. Ne5 Nb4 12. a3 Nxd3 13. cxd3 Bb5 14. f4 Nd7 15. Qg4 Nxe5 16. fxe5 Bxd3 17. Rf2 Bg5 18. Re1 Bf5 19. Qe2 cxd4 20. exd4 Rc2 21. Bc1 Qc7 22. Qd1 Rc8 23. Rff1 Bd3 24. Qf3 Bxf1 25. Rxf1 Rxc1 26. Qe2 Rxf1+ 27. Nxf1 Qc3 28. Qf2 Qd3 29. g3 Rc3 30. Kg2 Rc2 31. Qxc2 Qxc2+ 32. Kf3 Qxb3+ 33. Kg4 Qd1+ 34. Kxg5 Qf3 35. g4 Qh3 36. Kf4 Qxf1+ 37. Ke3 Qh3+ 38. Kd2 Qxa3 39. Kc2 b5 40. h4 b4 41. Kd2 Qc3+ 42. Ke2 b3 43. g5 b2 44. h5 b1Q 45. h6 Qbd3+ 46. Kf2 Qcc2+ 47. Kg1 Qdd1# 0-1

[Event "Wch U08 Girls"]
[Site "Weifang"]
[Date "2019.08.25"]
[Round "5"]
[White "Preobrazhenskaya, Diana"]
[Black "Chen, Rae"]
[Result "1-0"]
[WhiteElo "1361"]
[BlackElo "1054"]
[PlyCount "89"]
[EventDate "2019.08.21"]
[EventType "swiss"]
[EventRounds "11"]
[EventCountry "CHN"]
[SourceTitle "EXT 2020"]
[Source "ChessBase"]
[SourceDate "2019.10.17"]
[SourceVersion "1"]
[SourceVersionDate "2019.10.17"]
[SourceQuality "1"]

1. e4 d5 2. exd5 Qxd5 3. Nc3 Qa5 4. d4 Nf6 5. Nf3 c6 6. Bc4 Bf5 7. 0-0 e6 8. Bf4 Nbd7 9. a3 Nh5 10. Be3 Bd6 11. b4 Bxb4 12. axb4 Qxb4 13. Bb3 a5 14. Bd2 Qd6 15. Ne5 Nhf6 16. Nxd7 Qxd7 17. Bf4 b5 18. Re1 a4 19. Ba2 b4 20. Ne2 Nd5 21. Bxd5 cxd5 22. Ng3 Bg6 23. Qd2 0-0 24. Qxb4 Bxc2 25. Rec1 Rfc8 26. Ne2 Rc4 27. Qa3 Ra6 28. Qg3 Qe7 29. Bh6 f6 30. Qb8+ Kf7 31. Bd2 a3 32. Nc3 Bf5 33. Qb5 Qa7 34. Qb3 Qe7 35. Nb5 Rxc1+ 36. Bxc1 Rb6 37. Rxa3 Qd7 38. Ra5 Qc6 39. Ba3 e5 40. Ra7+ Bd7 41. Qh3 Ke8 42. Qxh7 Kf7 43. Nd6+ Ke6 44. Qg8+ Ke7 45. Qe8# 1-0